Mechanics of materials
Αποθηκεύτηκε σε:
| Κύριος συγγραφέας: | |
|---|---|
| Άλλοι συγγραφείς: | , |
| Μορφή: | Βιβλίο |
| Γλώσσα: | English |
| Δημοσίευση: |
Boston :
McGraw-Hill,
2004.
|
| Έκδοση: | 3η εκδ. |
| Θέματα: | |
| Ετικέτες: |
Προσθήκη ετικέτας
Δεν υπάρχουν, Καταχωρήστε ετικέτα πρώτοι!
|
MARC
| LEADER | 00000cam a2200000 i 4500 | ||
|---|---|---|---|
| 001 | 1/70757 | ||
| 008 | 050202s2004 mau| || |||| ||eng|| | ||
| 020 | |a 007123568X | ||
| 035 | |l 10076325 | ||
| 040 | |a GR-MyUa |b gre |e AACR2 | ||
| 041 | 0 | |a eng | |
| 082 | 7 | |a 620.1123 |2 (21) | |
| 100 | 1 | |a Beer, Ferdinand P. |q (Ferdinand Pierre), |d 1915-2003. | |
| 245 | 1 | 0 | |a Mechanics of materials / |c Ferdinand P. Beer, E. Russell Johnston and John T. Dewolf ; adapted by N. Siva Prasad and S. Krishnamurthy. |
| 250 | |a 3η εκδ. | ||
| 260 | |a Boston : |b McGraw-Hill, |c 2004. | ||
| 300 | |a xvii, 780 σ. : |b έγχρ. εικ. ; |c 26 εκ. + |e 1 οπτική δισκέτα λέιζερ Η/Υ (4 3/4 ίν.). | ||
| 500 | |a Περιλαμβάνει ευρετήριο. | ||
| 650 | 0 | |a Strength of materials |v Textbooks. | |
| 700 | 1 | |a Johnston, E. Russell |q (Elwood Russell), |d 1925-2010. | |
| 700 | 1 | |a DeWolf, John T. | |
| 767 | 0 | 8 | |i Μεταφρασμένο ως: |t Μηχανική των υλικών / |
| 767 | 0 | 8 | |i Μεταφρασμένο ως: |t Μηχανική των υλικών / |
| 852 | |a INST |b SYROS |e 20120925 |h 620.1123 BEE |p 005500004223 |q 005500004223 |t BK |y 0 | ||
| 852 | |a INST |b SYROS |e 20120925 |h 620.1123 BEE |p 005500004222 |q 005500004222 |t BK |y 0 | ||
| 901 | |a BIBL5-2005-1 | ||
| 920 | |a Διεύρυνση |b ΕΠΕΑΕΚ-ΤΜΣΠΣ |y Σύρος |z 2004-10 | ||
| 970 | |a Καγιαβά |b Ειρήνη |z 02/01/2005 | ||